000 01840nam a2200241Ia 4500
008 260220t1968||||xx |||||||||||||| ||spa||
040 _aPY-SlUNAC
_bspa
_erda
041 _aspa
082 _a547.139
_bB853m
100 _aBrienx, Jorge
_eAutor
245 0 _aMecanismos de las reacciones orgánicas /
_cpor Jorge Brienx [Autor]
264 _aWashington D. C. :
_bOrganización de los Estados Americanos,
_c℗1968.
300 _a1 volumen
520 _a"Mecanismos de las reacciones orgánicas" de Jorge Brienx es una obra fundamental que aborda los procesos químicos que rigen las transformaciones en compuestos orgánicos. El autor presenta una perspectiva detallada de los mecanismos de reacción, explorando cómo las estructuras moleculares influyen en la reactividad de los compuestos. A lo largo del texto, se analizan temas como la cinética, la termodinámica y los estados de transición, proporcionando un enfoque integral que combina teoría y ejemplos prácticos. Brienx también destaca la importancia de los intermediarios en las reacciones y su papel en la predicción de productos finales. Con un enfoque pedagógico, la obra está diseñada para estudiantes y profesionales, facilitando la comprensión de conceptos complejos mediante ilustraciones y gráficos explicativos. Además, se discuten las implicaciones de estos mecanismos en la síntesis orgánica y su aplicación en la industria química. En conjunto, el libro constituye una valiosa referencia en el estudio de la química orgánica moderna y sus aplicaciones prácticas.
653 _aMecanismos de reacción
653 _aQuímica orgánica
653 _aReacciones químicas
942 _b2026/02/17
_cBK
999 _c7949
_d7949